Statistics for Champions League 2015/2016 Top 30 topscorers

Click here to take the quiz!

General Stats

  • This quiz has been taken 33 times
  • The average score is 15 of 30

Answer Stats

TeamGoalsAnswer% Correct
Real Madrid16Cristiano Ronaldo
100%
FC Barcelona6Lionel Messi
100%
Paris Saint-Germain5Zlatan Ibrahimovic
96%
FC Barcelona3Neymar
96%
FC Barcelona8Luis Suárez
96%
Atlético Madrid7Antoine Griezmann
93%
Arsenal5Olivier Giroud
93%
Bayern Munich8Thomas Müller
93%
Bayern Munich9Robert Lewandowski
93%
Zenit St. Petersburg4Hulk
89%
Real Madrid4Karim Benzema
86%
Arsenal3Alexis Sánchez
82%
Manchester City3Kevin De Bruyne
64%
Bayer 04 Leverkusen5Javier Hernández
54%
Chelsea FC5Willian
54%
Paris Saint-Germain3Angel Di Maria
39%
Manchester City3Raheem Sterling
32%
VFL Wolfsburg3Julian Draxler
29%
Zenit St. Petersburg6Artem Dzyuba
21%
CSKA Moscow3Seydou Doumbia
21%
KAA Gent3Danijel Milicevic
14%
SL Benfica4Nicolás Gaitán
14%
Olympiakos3Felipe Pardo
11%
Atlético Madrid3Saúl
4%
Porto3Vincent Aboubakar
4%
Paris Saint-Germain3Adrien Rabiot
4%
SL Benfica3Rául Jiménez
4%
Shaktar Donetsk3Alex Texeira
4%
Bayer 04 Leverkussen4Admir Mehmedi
4%
Bor. Mönchengladbach3Lars Stindl
4%

Score Distribution

Percentile by Number Answered

Percent of People with Each Score

Your Score History

You have not taken this quiz